Modern school mathematics algebra 1 / (Record no. 179982)
[ view plain ]
| 000 -LEADER | |
|---|---|
| fixed length control field | 01186 a2200181 4500 |
| 003 - CONTROL NUMBER IDENTIFIER | |
| control field | NUST |
| 005 - DATE AND TIME OF LATEST TRANSACTION | |
| control field | 20221031171347.0 |
| 040 ## - CATALOGING SOURCE | |
| Transcribing agency | Nust |
| 082 ## - DEWEY DECIMAL CLASSIFICATION NUMBER | |
| Classification number | 510,DOL |
| 100 ## - MAIN ENTRY--PERSONAL NAME | |
| Personal name | Dolcisni |
| 9 (RLIN) | 102072 |
| 245 ## - TITLE STATEMENT | |
| Title | Modern school mathematics algebra 1 / |
| Statement of responsibility, etc. | MAry P. Dolciani, Willian Wooton etc. |
| 260 ## - PUBLICATION, DISTRIBUTION, ETC. | |
| Place of publication, distribution, etc. | California |
| Name of publisher, distributor, etc. | California state series |
| Date of publication, distribution, etc. | 1967 |
| 300 ## - PHYSICAL DESCRIPTION | |
| Extent | 650 p.: |
| 505 ## - FORMATTED CONTENTS NOTE | |
| Formatted contents note | The Basic Language of Algebra (Page-1), Addition and Multiplication of Real Numbers (Page-46), Solving Equations and Problems (Page-94), Order in the Set of Real Numbers (Page-144), Open Sentences in two Variables (Page-188), Systems of Open Sentences in two Variables (Page-222), Polynomials and their Factors (Page-266), Polynomials and Rational Expressions (Page-306), Rational Expressions in Open Sentences and Problems (Page-344), Functions and Their Graphs (Page-376), Irrational Numbers and Quadratic Equations (Page-418), Digital Computer Methods (Page-472), Systems of Equations in three Variables (Page-510), Trigonometry and Vectors (Page-544), Statistics and Probability (Page-586). |
| 600 ## - SUBJECT ADDED ENTRY--PERSONAL NAME | |
| Personal name | Andrew M. Gleson |
| 9 (RLIN) | 102073 |
| 650 ## - SUBJECT ADDED ENTRY--TOPICAL TERM | |
| Topical term or geographic name entry element | mathematics algebra |
| 9 (RLIN) | 102074 |
| 942 ## - ADDED ENTRY ELEMENTS (KOHA) | |
| Source of classification or shelving scheme | |
| Koha item type | Book |
| Call number prefix | 510,DOL |
| Withdrawn status | Lost status | Source of classification or shelving scheme | Damaged status | Not for loan | Permanent Location | Current Location | Shelving location | Date acquired | Full call number | Barcode | Date last seen | Price effective from | Koha item type | Public note |
|---|---|---|---|---|---|---|---|---|---|---|---|---|---|---|
| Military College of Signals (MCS) | Military College of Signals (MCS) | General Stacks | 12/12/2016 | 510,DOL | MCS7684 | 12/08/2016 | 12/12/2016 | Book Bank | Almirah No. A/135, Shelf No.4 |
